| Tag |
First Indicator |
Second Indicator |
Subfields |
| LEADER |
00000cam a22000005a 4500 |
| 001 |
in00000530613 |
| 005 |
20151014050723.0 |
| 008 |
840123s1915 enk 00010 eng d |
| 035 |
|
|
|a (OCoLC)10328669
|
| 035 |
|
|
|9 ACH9891AM
|
| 040 |
|
|
|a RRR
|c RRR
|d TXA
|d UtOrBLW
|
| 049 |
|
|
|a TXAM
|c [1635266]
|
| 090 |
|
|
|a DA206
|b .G79 1915
|
| 100 |
1 |
|
|a Green, Alice Stopford,
|d 1848-1929.
|
| 245 |
1 |
0 |
|a Henry the Second /
|c by Mrs. J.R. Green.
|
| 264 |
|
1 |
|a London :
|a New York :
|b Macmillan and Co.,
|c 1915.
|
| 300 |
|
|
|a vi, 224 pages ;
|c 19 cm.
|
| 336 |
|
|
|a text
|b txt
|2 rdacontent
|
| 337 |
|
|
|a unmediated
|b n
|2 rdamedia
|
| 338 |
|
|
|a volume
|b nc
|2 rdacarrier
|
| 490 |
1 |
|
|a Twelve English statesmen
|
| 600 |
0 |
0 |
|a Henry
|b II,
|c King of England,
|d 1133-1189.
|
| 651 |
|
0 |
|a Great Britain
|x History
|y Henry II, 1154-1189.
|
| 830 |
|
0 |
|a Twelve English statesmen.
|
| 999 |
|
|
|a MARS
|
| 999 |
f |
f |
|s 62f67a26-b2fb-3f32-89da-362d4f6b81f8
|i e004fc1b-bfdc-3f3e-a7e1-f1957e8425ef
|t 0
|
| 952 |
f |
f |
|p ric
|a Texas A&M University
|b Rellis Campus
|c Joint Library Facility
|d Remote Storage
|t 0
|e DA206 .G79 1915
|h Library of Congress classification
|i unmediated -- volume
|m A14808199567
|
| 998 |
f |
f |
|a DA206 .G79 1915
|t 0
|l Remote Storage
|